|
|
|
|
| LEADER |
00827nam a2200217 a 4500 |
| 001 |
6975103 |
| 008 |
091105s1972 nyu 000 0 eng d |
| 010 |
|
|
|a \\\53000354
|
| 040 |
|
|
|a DLC
|c OClU
|d OCoLC
|d NBrockU
|d DLC
|
| 082 |
|
|
|a 338.947
|2 18
|
| 100 |
1 |
|
|a Stalin, Joseph,
|d 1879-1953.
|
| 245 |
1 |
0 |
|a Economic problems of socialism in the U.S.S.R /
|c Joseph Stalin.
|
| 260 |
|
|
|a New York,
|b International Publishers,
|c c1972.
|
| 300 |
|
|
|a 71 p. ;
|c 19 cm.
|
| 541 |
1 |
|
|e 00000096
|
| 650 |
|
0 |
|a Economics.
|
| 650 |
|
0 |
|a Communism
|z Soviet Union.
|
| 651 |
|
0 |
|a Soviet Union
|x Economic policy.
|
| 852 |
4 |
|
|a Ayesha Abed Library
|j General shelf
|
| 999 |
|
|
|c 7586
|d 7586
|
| 952 |
|
|
|0 0
|1 0
|2 ddc
|4 0
|6 338_947000000000000_STA_1972
|7 0
|9 8249
|a BRACUL
|b BRACUL
|c GEN
|d 2010-02-17
|g 0.00
|l 0
|o 338.947 STA
|p 3010000096
|r 2010-02-17
|t 1
|w 2010-02-17
|y BK
|x Not price in Register
|